000 00882nam a2200253Ia 4500
005 20211111075326.0
008 130821s1998 sp gr spa
020 _a842063641X
040 _aCo-BoUCM
_bspa
_cJose A. Gerena (modificó)
_d[Nuevo]
041 0 0 _aspa
100 1 _aEsopo
_91594
245 1 0 _aFábulas
_cEsopo ;traducción y notas de Gonzalo López Casildo
260 _aMadrid (España)
_bAlianza Editorial
_c1998
300 _a197 páginas
490 _aEl Libro de Bolsillo
_v8203
_aBiblioteca Temática
_aClásicos de Grecia y Roma
650 7 _aAnimales
_vCuentos y leyendas
_99108
650 7 _aFábulas griegas
_915517
650 7 _aFábulas
_915512
650 7 _aLiteratura griega
_976
690 _aLiteratura griega
_976
700 1 _aLópez Casildo, Gonzalo
_959844
942 _cLIBRO
_a18
_e1
_mE76ali
_2DEWEY
_h888
_n0
999 _c57418
_d57418